Vrai ou Faux (version football) - Statistiques

Statistiques générales
  • Ce quiz a été pris 216 fois
  • Le résultat moyen est 8 sur 11
Statistiques - réponses
Question Réponse % Correct
La France a été 4 fois en finales de Coupe du Monde au 21e siècle Faux
87%
La Corée du Nord a participée à une Coupe du Monde Vrai
84%
Reims a déjà été en finale de Ligue des Champions Vrai
82%
Le PSG (Paris Saint-Germain) est le club le plus titré de la Coupe de France Vrai
80%
Le "Gazélec" appartient à Bastia Faux
76%
L'OM possède le stade ayant la plus grande capacité de France (en Ligue 1) Vrai
76%
Evian Thonon Gaillard (qui a disparu depuis 2016) a déjà participé à une finale de Coupe de France Vrai
74%
Il y a déjà eu 3 clubs Corse en Ligue 1 la même saison (au 21e siècle) Faux
62%
L'Olympique Lyonnais a déjà participé à une finale de coupe européenne (C1,C2,C3 ou C4) Faux
58%
L'Olympique de Marseille (OM) est le club français qui a le plus de finale européenne à son actif (C1,C2,C3 et C4 compris) Vrai
56%
Arles-Avignon a déjà joué en Ligue 1 plusieurs saisons dans son histoire Faux
49%
Aucun quiz correspondant
Distribution des résultats
% des personnes avec chaque résultat
Percentile par nombre de réponses
Votre historique - résultats
Vous n’avez pas pris ce quiz